| 000 | 00393nam a2200157Ia 4500 | ||
|---|---|---|---|
| 008 | 230917s9999||||xx |||||||||||||| ||und|| | ||
| 020 | _cRS175 | ||
| 040 |
_e2964 _aMAIN |
||
| 041 | _aEnglish | ||
| 082 | _a362.742 K123E | ||
| 100 | _aKakar, D N | ||
| 245 | 0 | _aEnvironment and integrated child development services | |
| 260 |
_aNew Delhi _bUppal _c1992 |
||
| 300 | _avi, 142 p. | ||
| 942 | _cBK | ||
| 999 |
_c76942 _d76942 |
||